| 000 | 00654nam a2200217 a 4500 | ||
|---|---|---|---|
| 005 | 20140310183457.0 | ||
| 008 | 091210s19uu xx 00 eng d | ||
| 020 | _a9789814272810 | ||
| 050 |
_aT 58.5 _b.St782 2009 |
||
| 100 | _aStair, Ralph M. | ||
| 245 |
_aIntroduction to information systems / _cRalph M. Stair, George W. Reynolds. |
||
| 260 |
_aAustralia : _bCENGAGE Learning, _c2009. |
||
| 300 |
_a464 p. : _bill. ; _c25 cm. |
||
| 521 | _aIT | ||
| 650 | _aElectronic digital computers. | ||
| 650 | _aElectronic data processing. | ||
| 650 | _aInformation systems. | ||
| 700 | _aReyolds, George W. | ||
| 942 |
_cBK _2lcc _kFOR |
||
| 999 |
_c23671 _d23671 |
||